Deutsche Groß- und Mittelstädte mit dem kürzesten Namen - Statistiken

Allgemein
  • Dieses Quiz wurde 140 mal gespielt
    123 seit der letzten Aktualisierung
  • Das Durchschnittsergebnis liegt bei 11 aus 29
Antwortstatistiken
Bundesland Stadt % Korrekt
3 Baden-Württemberg Ulm
87%
4 Schleswig-Holstein Kiel
85%
4 Thüringen Jena
84%
4 Thüringen Gera
82%
4 Nordrhein-Westfalen Bonn
78%
4 Nordrhein-Westfalen Hamm
74%
4 Nordrhein-Westfalen Köln
74%
3 Bayern Hof
64%
4 Nordrhein-Westfalen Unna
49%
4 Nordrhein-Westfalen Marl
42%
4 Thüringen Suhl
39%
4w Nordrhein-Westfalen Olpe
38%
4w Sachsen-Anhalt Burg
32%
4 Baden-Württemberg Kehl
28%
4 Niedersachsen Leer
26%
4w Baden-Württemberg Calw
24%
4w Nordrhein-Westfalen Verl
24%
4 Baden-Württemberg Lahr/Schwarzwald
22%
4w Nordrhein-Westfalen Werl
17%
4w Nordrhein-Westfalen Haan
14%
4w Bayern Roth
14%
4 Nordrhein-Westfalen Lage
12%
4w Bayern Lauf an der Pegnitz
10%
4 Nordrhein-Westfalen Goch
8%
4w Nordrhein-Westfalen Rees
8%
4w Nordrhein-Westfalen Selm
8%
4w Baden-Württemberg Bühl
7%
4w Niedersachsen Syke
7%
4w Bayern Haar
3%
Keine übereinstimmenden Quizze gefunden
Verteilung der Resultate
Anzahl Personen mit jedem Resultat
Perzentil nach korrekt beantworteten Fragen
Ihre Resultats-Entwicklung
Sie haben dieses Quiz seit der letzten Aktualisierung nicht gespielt